00517nam a2200193Ia 4500003000400000005001700004008004100021020002200062040000700084041000800091082002300099100001600122245007000138260003800208300001500246365001700261440002900278650001600307OSt20230413105256.0210423s2000 xx 000 0 und d a978-0-631-16202-5 cAL aeng a418.007 223bELLI aELLIS (Rod) aInstructed second language acquisitionbLearning in the classroom aOxfordbBlackwell Publisherc2000 aix,230bPB b5726.63cUSD aApplied language studies aLinguistics